00784nam a22002297a 45000010005000000030009000050050017000140080041000310100017000720200035000890400028001240820018001521000022001702450091001922500013002832600072002963000047003685040066004156500029004816500026005107000018005366172BD-DhUAP20210111154803.0210111s2002 maua b 001 0 eng  a 2001030197 a007239675X (pbk. : alk. paper) aDLCcDLCdBD-DhUAPbEng00a658.3 NEW2231 aNewstrom, John W.10aOrganizational behavior :bhuman behavior at work /cJohn W. Newstrom and Keith Davis. a11th ed. aBoston ; aNew Delhi :bMcGraw-Hill/Irwin,cc2002 [Reprinted 2006]. axxiv, 534 pages :billustrations ;c26 cm. aIncludes bibliographical references (p. 495-517) and indexes. 0aOrganizational behavior. 0aIndustrial sociology.1 aDavis, Keith.